ARRUPE JESUIT UNIVERSITY

CORONAVIRUS -STOP THE SPREAD - CLEAN,DISINFECT,COVER

The concise dictionary of pastoral care and counseling / (Record no. 118561)

MARC details
000 -LEADER
fixed length control field 01309cam a2200313 a 4500
001 - CONTROL NUMBER
control field 16096275
003 - CONTROL NUMBER IDENTIFIER
control field ARRUPE
005 - DATE AND TIME OF LATEST TRANSACTION
control field 20131106165711.0
008 - FIXED-LENGTH DATA ELEMENTS--GENERAL INFORMATION
fixed length control field 100218s2010 tnu bd 000 0 eng
010 ## - LIBRARY OF CONGRESS CONTROL NUMBER
LC control number 2010006878
020 ## - INTERNATIONAL STANDARD BOOK NUMBER
International Standard Book Number 9781426702310 (trade pbk. : alk. paper)
020 ## - INTERNATIONAL STANDARD BOOK NUMBER
International Standard Book Number 1426702310 (trade pbk. : alk. paper)
035 ## - SYSTEM CONTROL NUMBER
System control number (OCoLC)ocn522429442
040 ## - CATALOGING SOURCE
Original cataloging agency DLC
Transcribing agency DLC
Modifying agency YDX
-- YDXCP
-- LTS
-- JET
-- COI
-- LML
-- DLC
050 00 - LIBRARY OF CONGRESS CALL NUMBER
Classification number BV4005.5
Item number .C66 2010
082 00 - DEWEY DECIMAL CLASSIFICATION NUMBER
Classification number 253.5
Edition number 22
300 ## - PHYSICAL DESCRIPTION
Dimensions 23 cm.
245 04 - TITLE STATEMENT
Title The concise dictionary of pastoral care and counseling /
Statement of responsibility, etc edited by Glenn H. Asquith, Jr.
246 30 - VARYING FORM OF TITLE
Title proper/short title Dictionary of pastoral care and counseling
260 ## - PUBLICATION, DISTRIBUTION, ETC. (IMPRINT)
Place of publication, distribution, etc Nashville, TN :
Name of publisher, distributor, etc Abingdon Press,
Date of publication, distribution, etc c2010.
300 ## - PHYSICAL DESCRIPTION
Extent xviii, 254 p. ;
504 ## - BIBLIOGRAPHY, ETC. NOTE
Bibliography, etc Includes bibliographical references.
505 0# - FORMATTED CONTENTS NOTE
Formatted contents note Definitions -- History and biography -- Issues of power and difference -- Interfaith issues and methods -- Clinical method -- Pastoral theological method.
650 #0 - SUBJECT ADDED ENTRY--TOPICAL TERM
Topical term or geographic name as entry element Pastoral care
Form subdivision Dictionaries.
9 (RLIN) 3428
650 #0 - SUBJECT ADDED ENTRY--TOPICAL TERM
Topical term or geographic name as entry element Pastoral counseling
Form subdivision Dictionaries.
9 (RLIN) 3429
700 1# - ADDED ENTRY--PERSONAL NAME
Personal name Asquith, Glenn H.,
Dates associated with a name 1946-
9 (RLIN) 3430
906 ## - LOCAL DATA ELEMENT F, LDF (RLIN)
a 7
b cbc
c orignew
d 1
e ecip
f 20
g y-gencatlg
942 ## - ADDED ENTRY ELEMENTS (KOHA)
Source of classification or shelving scheme Library of Congress Classification
Koha item type Monograph ( Printed materials)
Holdings
Withdrawn status Lost status Source of classification or shelving scheme Damaged status Not for loan Home library Current library Date acquired Total Checkouts Full call number Barcode Date last seen Price effective from Koha item type
    Library of Congress Classification     ARRUPE LIBRARY ARRUPE LIBRARY 06/11/2013   REF BV4011.3 .D53 2007 46411570 06/11/2013 06/11/2013 Monograph ( Printed materials)

 

Arrupe Library. PO Box MP320 Mt Pleasant, Harare, Zimbabwe
263 242 745411|librarian@aju.ac.zw